| 000 | 00647nam a2200181Ia 4500 | ||
|---|---|---|---|
| 008 | 090124s9999 xx 000 0 und d | ||
| 082 |
_b30598 _a2919 |
||
| 100 | _aवाळिम्बे सुरेश | ||
| 245 | _a संस्कृत सुभाषित रसास्वाद | ||
| 250 | _a1 | ||
| 260 | _c2000 | ||
| 300 | _a155 | ||
| 600 | _aवाळिम्बे सुरेश | ||
| 630 | _a संस्कृत सुभाषित रसास्वाद | ||
| 700 | _aवाळिम्बे सुरेश | ||
| 730 | _a संस्कृत सुभाषित रसास्वाद | ||
| 942 | _cBOOK | ||
| 999 |
_c144079 _d144079 |
||